Billboard Hot 100 #1 Hits of 1984 - Statistics

General Stats
  • This quiz has been taken 25 times
  • The average score is 31 of 52
Answer Stats
Issue Date #1 Hit Artist % Correct
February 25 Jump Van Halen
100%
March 3 Jump Van Halen
100%
March 10 Jump Van Halen
100%
March 17 Jump Van Halen
100%
March 24 Jump Van Halen
100%
August 11 Ghostbusters Ray Parker Jr.
76%
August 18 Ghostbusters Ray Parker Jr.
76%
August 25 Ghostbusters Ray Parker Jr.
76%
February 4 Karma Chameleon Culture Club
76%
February 11 Karma Chameleon Culture Club
76%
February 18 Karma Chameleon Culture Club
76%
March 31 Footloose Kenny Loggins
71%
April 7 Footloose Kenny Loggins
71%
April 14 Footloose Kenny Loggins
71%
November 17 Wake Me Up Before You Go-Go Wham!
71%
November 24 Wake Me Up Before You Go-Go Wham!
71%
December 1 Wake Me Up Before You Go-Go Wham!
71%
July 7 When Doves Cry Prince
71%
July 14 When Doves Cry Prince
71%
July 21 When Doves Cry Prince
71%
July 28 When Doves Cry Prince
71%
August 4 When Doves Cry Prince
71%
December 22 Like A Virgin Madonna
67%
December 29 Like A Virgin Madonna
67%
January 21 Owner Of A Lonely Heart Yes
62%
January 28 Owner Of A Lonely Heart Yes
62%
June 9 Time After Time Cyndi Lauper
62%
June 16 Time After Time Cyndi Lauper
62%
January 7 Say Say Say Paul McCartney & Michael Jackson
57%
January 14 Say Say Say Paul McCartney & Michael Jackson
57%
May 26 Let's Hear It For The Boy Deniece Williams
52%
June 2 Let's Hear It For The Boy Deniece Williams
52%
September 1 What's Love Got To Do With It Tina Turner
52%
September 8 What's Love Got To Do With It Tina Turner
52%
September 15 What's Love Got To Do With It Tina Turner
52%
September 22 Missing You John Waite
48%
September 29 Let's Go Crazy Prince and the Revolution
43%
October 6 Let's Go Crazy Prince and the Revolution
43%
June 23 The Reflex Duran Duran
43%
June 30 The Reflex Duran Duran
43%
November 3 Caribbean Queen (No More Love on the Run) Billy Ocean
38%
November 10 Caribbean Queen (No More Love on the Run) Billy Ocean
38%
May 12 Hello Lionel Richie
38%
May 19 Hello Lionel Richie
38%
October 13 I Just Called To Say I Love You Stevie Wonder
33%
October 20 I Just Called To Say I Love You Stevie Wonder
33%
October 27 I Just Called To Say I Love You Stevie Wonder
33%
December 8 Out Of Touch Daryl Hall and John Oates
33%
December 15 Out Of Touch Daryl Hall and John Oates
33%
April 21 Against All Odds (Take a Look at Me Now) Phil Collins
29%
April 28 Against All Odds (Take a Look at Me Now) Phil Collins
29%
May 5 Against All Odds (Take a Look at Me Now) Phil Collins
29%
No matching quizzes found
Score Distribution
Percent of People with Each Score
Percentile by Number Answered
Your Score History
You have not taken this quiz